Németújvár város húsvágási rendtartása 1648-ban

Elmentve itt :
Bibliográfiai részletek
Szerző: Borovszky Samu
Dokumentumtípus: Cikk
Megjelent: 1900
Sorozat:Magyar gazdaságtörténelmi szemle 7
Kulcsszavak:Közgazdaságtudomány, Gazdaságtörténet
Online Access:http://misc.bibl.u-szeged.hu/491
LEADER 00613nab a2200169 i 4500
001 misc491
005 20191106144118.0
008 170607s1900 hu o 0|| hun d
040 |a SZTE Miscellanea Repozitórium  |b hun 
041 |a hun 
100 1 |a Borovszky Samu 
245 1 0 |a Németújvár város húsvágási rendtartása 1648-ban  |h [elektronikus dokumentum] /  |c  Borovszky Samu 
260 |c 1900 
300 |a 37-38 
490 0 |a Magyar gazdaságtörténelmi szemle  |v 7 
695 |a Közgazdaságtudomány, Gazdaságtörténet 
856 4 0 |u http://misc.bibl.u-szeged.hu/491/1/gazd_tort_szeml_1900_037-038.pdf  |z Dokumentum-elérés